К проблеме реперзентации концепта будущего в партийных программных документах; Молодой ученый; № 11 (91)

Dades bibliogràfiques
Parent link:Молодой ученый: ежемесячный научный журнал.— , 2008-
№ 11 (91).— 2015.— [С. 1793-1795]
Autor principal: Черявко Т. П. Татьяна Павловна
Autor corporatiu: Национальный исследовательский Томский политехнический университет (ТПУ) Институт неразрушающего контроля (ИНК) Кафедра иностранных языков Института неразрушающего контроля (ИЯНК)
Altres autors: Сенцов А. Э. Аркадий Эдуардович
Sumari:Заглавие с экрана
Режим доступа: по договору с организацией-держателем ресурса
Idioma:rus
Publicat: 2015
Col·lecció:Политология
Matèries:
Accés en línia:http://www.moluch.ru/archive/91/20074/
http://elibrary.ru/item.asp?id=23610426
Format: MixedMaterials Electrònic Capítol de llibre
KOHA link:https://koha.lib.tpu.ru/cgi-bin/koha/opac-detail.pl?biblionumber=642661

MARC

LEADER 00000nla0a2200000 4500
001 642661
005 20250207145503.0
035 |a (RuTPU)RU\TPU\network\7620 
035 |a RU\TPU\network\7619 
090 |a 642661 
100 |a 20150701d2015 k||y0rusy50 ca 
101 0 |a rus 
102 |a RU 
135 |a drcn ---uucaa 
181 0 |a i  
182 0 |a b 
200 1 |a К проблеме реперзентации концепта будущего в партийных программных документах  |f Т. П. Черявко, А. Э. Сенцов 
203 |a Текст  |c электронный 
225 1 |a Политология 
300 |a Заглавие с экрана 
320 |a [Библиогр.: с. 1795 (5 назв.)] 
333 |a Режим доступа: по договору с организацией-держателем ресурса 
461 |t Молодой ученый  |o ежемесячный научный журнал  |d 2008- 
463 |t № 11 (91)  |v [С. 1793-1795]  |d 2015 
610 1 |a электронный ресурс 
610 1 |a труды учёных ТПУ 
610 1 |a концепт будущего 
610 1 |a программа партии 
610 1 |a концепты 
610 1 |a репрезентация 
610 1 |a программные документы 
700 1 |a Черявко  |b Т. П.  |g Татьяна Павловна 
701 1 |a Сенцов  |b А. Э.  |c лингвист  |c доцент Томского политехнического университета, кандидат политических наук  |f 1983-  |g Аркадий Эдуардович  |3 (RuTPU)RU\TPU\pers\27933 
712 0 2 |a Национальный исследовательский Томский политехнический университет (ТПУ)  |b Институт неразрушающего контроля (ИНК)  |b Кафедра иностранных языков Института неразрушающего контроля (ИЯНК)  |3 (RuTPU)RU\TPU\col\18721 
801 2 |a RU  |b 63413507  |c 20150701  |g RCR 
856 4 0 |u http://www.moluch.ru/archive/91/20074/ 
856 4 0 |u http://elibrary.ru/item.asp?id=23610426 
942 |c CF